Ecology and evolution of flowers

Αποθηκεύτηκε σε:
Λεπτομέρειες βιβλιογραφικής εγγραφής
Άλλοι συγγραφείς: Harder, Lawrence D. (Επιμελητής έκδοσης), Barrett, Spencer Charles Hilton (Επιμελητής έκδοσης)
Μορφή: Βιβλίο
Γλώσσα:English
Δημοσίευση: Oxford : Oxford University Press, 2006
Σειρά:Oxford biology
Θέματα:
Ετικέτες: Προσθήκη ετικέτας
Δεν υπάρχουν, Καταχωρήστε ετικέτα πρώτοι!

MARC

LEADER 00000nam a2200000 i 4500
001 1/73679
008 080207s2006 eng d
020 |a 978-0-19-857085-1 (pbk.) 
020 |a 0-19-857085-6 (pbk.) 
035 |l 10094445 
040 |a GR-MY-UA  |b gre  |e aacr 
041 0 |a eng 
082 0 |a 575.6  |2 (22) 
245 1 0 |a Ecology and evolution of flowers /  |c edited by Lawrence D. Harder, Spencer C.H. Barrett 
260 |a Oxford :   |b Oxford University Press,   |c 2006 
300 |a xix, 370 σ., [8] φύλλα πινάκων;  |b εικ. (μερ. έγχρ.);  |c 26 εκ. 
490 1 |a Oxford biology 
504 |a Περιέχει βιβλιογραφικές παραπομπές και ευρετήριο 
650 0 0 |a Plants, Flowering of. 
650 0 0 |a Plant ecology. 
650 0 0 |a Plants  |x Evolution. 
700 1 |a Harder, Lawrence D.  |4 edt 
700 1 |a Barrett, Spencer Charles Hilton.  |4 edt 
830 0 |a Oxford biology 
852 |a INST  |b LESVOS  |e 20080207  |h 575.6 ECO  |p 005100040264  |q 005100040264  |t BK  |y 0 
901 |a BIBL1-2008-1 
909 |a Λ  |b 145088 
922 |a 1ΕΛΗ  |b 200801  |c ΕΠΕΑΕΚ2/ΤΓ  |d ΕΛΕΥΘΕΡΟΥΔΑΚΗΣ 
970 |a ΚΑΡΑ  |b ΓΙΑΣΕΜΗ  |z 2008/02/07